000 00512nam a2200169Ia 4500
005 20250923145326.0
008 008 250917s9999 xx 000 0 eng d
037 _aTextual
040 _aDSWL
_beng
_cDSWL
041 _aeng
_2eng
084 _aL9F:34:6pI,N71, N72
_qDSWL
245 0 _aAbortion Technieques and Services
_cEd. by Sarah Lewit
260 _aAmsterdam
_bExcerpta Medica
_c1972
300 _a211p.
942 _cTEXL
_hL9F:34:6pI,N71, N72
999 _c1450017
_d1450017